| 000 | 00368nam a2200145Ia 4500 | ||
|---|---|---|---|
| 008 | 230917s9999||||xx |||||||||||||| ||und|| | ||
| 040 |
_e110150 _aMAIN |
||
| 041 | _aEnglish | ||
| 082 | _a005.1 R864O | ||
| 100 | _aRumbaugh, James | ||
| 245 | 0 | _aObject-oriented modeling and design | |
| 260 |
_aNew Delhi _bDarling Kinderley _c1991 |
||
| 300 | _a504 p. | ||
| 942 | _cBK | ||
| 999 |
_c135385 _d135385 |
||